<?xml version="1.0" encoding="UTF-8"?>
<record
    xmlns:xsi="http://www.w3.org/2001/XMLSchema-instance"
    xsi:schemaLocation="http://www.loc.gov/MARC21/slim http://www.loc.gov/standards/marcxml/schema/MARC21slim.xsd"
    xmlns="http://www.loc.gov/MARC21/slim">

  <leader>00848nam a22002177a 4500</leader>
  <controlfield tag="003">SEM</controlfield>
  <datafield tag="999" ind1=" " ind2=" ">
    <subfield code="c">68251</subfield>
    <subfield code="d">68251</subfield>
  </datafield>
  <controlfield tag="005">20220608074111.0</controlfield>
  <controlfield tag="008">180814b           ||||| |||| 00| 0 arm d</controlfield>
  <datafield tag="020" ind1=" " ind2=" ">
    <subfield code="a">9789939519999</subfield>
  </datafield>
  <datafield tag="040" ind1=" " ind2=" ">
    <subfield code="a">SEM</subfield>
    <subfield code="c">SEM</subfield>
  </datafield>
  <datafield tag="041" ind1="0" ind2=" ">
    <subfield code="a">arm</subfield>
  </datafield>
  <datafield tag="080" ind1=" " ind2=" ">
    <subfield code="a">92:73/76(47.925)/&#x554;-82</subfield>
  </datafield>
  <datafield tag="245" ind1="0" ind2="4">
    <subfield code="a">&#x544;&#x561;&#x567;&#x57D;&#x57F;&#x580;&#x578; &#x554;&#x578;&#x579;&#x561;&#x580;&#x568;:</subfield>
    <subfield code="b">&#x540;&#x578;&#x582;&#x577;&#x565;&#x580;&#x56B; &#x561;&#x576;&#x564;&#x580;&#x561;&#x564;&#x561;&#x580;&#x571;&#x578;&#x582;&#x574;:/</subfield>
    <subfield code="c">&#x53D;&#x574;&#x562;., &#x56F;&#x561;&#x566;&#x574;.` &#x531;. &#x540;&#x578;&#x57E;&#x570;&#x561;&#x576;&#x576;&#x56B;&#x57D;&#x575;&#x561;&#x576;, &#x53C;. &#x544;&#x561;&#x580;&#x57F;&#x56B;&#x580;&#x578;&#x57D;&#x575;&#x561;&#x576;-&#x554;&#x578;&#x579;&#x561;&#x580;</subfield>
  </datafield>
  <datafield tag="260" ind1=" " ind2=" ">
    <subfield code="a">&#x535;&#x580;&#x587;&#x561;&#x576;:</subfield>
    <subfield code="b">&#xAB;&#x531;&#x576;&#x57F;&#x561;&#x580;&#x565;&#x57D;&#xBB;, </subfield>
    <subfield code="c">2016.</subfield>
  </datafield>
  <datafield tag="300" ind1=" " ind2=" ">
    <subfield code="a">311 &#x567;&#x57B;;</subfield>
    <subfield code="c">21 &#x57D;&#x574;</subfield>
  </datafield>
  <datafield tag="504" ind1=" " ind2=" ">
    <subfield code="a">&#x531;&#x576;&#x57E;&#x561;&#x576;&#x561;&#x581;&#x561;&#x576;&#x56F;` &#x567;&#x57B; 289-309:</subfield>
  </datafield>
  <datafield tag="650" ind1=" " ind2=" ">
    <subfield code="a">&#x540;&#x561;&#x575; &#x584;&#x561;&#x576;&#x564;&#x561;&#x56F;&#x561;&#x563;&#x578;&#x580;&#x56E;&#x576;&#x565;&#x580;</subfield>
  </datafield>
  <datafield tag="700" ind1="1" ind2=" ">
    <subfield code="a">&#x540;&#x578;&#x57E;&#x570;&#x561;&#x576;&#x576;&#x56B;&#x57D;&#x575;&#x561;&#x576; &#x531;&#x576;&#x561;&#x57F;&#x578;&#x56C;&#x56B; </subfield>
    <subfield code="4">edt.</subfield>
    <subfield code="4">comp.</subfield>
    <subfield code="e">&#x56D;&#x574;&#x562;. </subfield>
    <subfield code="e"> &#x56F;&#x561;&#x566;&#x574;.</subfield>
  </datafield>
  <datafield tag="700" ind1="1" ind2=" ">
    <subfield code="a">&#x544;&#x561;&#x580;&#x57F;&#x56B;&#x580;&#x578;&#x57D;&#x575;&#x561;&#x576;-&#x554;&#x578;&#x579;&#x561;&#x580; &#x53C;&#x561;&#x56C;&#x561;</subfield>
    <subfield code="4">edt.</subfield>
    <subfield code="4">comp.</subfield>
    <subfield code="e">&#x56D;&#x574;&#x562;.</subfield>
    <subfield code="e">&#x56F;&#x561;&#x566;&#x574;.</subfield>
  </datafield>
  <datafield tag="942" ind1=" " ind2=" ">
    <subfield code="2">udc</subfield>
    <subfield code="c">BK</subfield>
  </datafield>
  <datafield tag="952" ind1=" " ind2=" ">
    <subfield code="0">0</subfield>
    <subfield code="1">0</subfield>
    <subfield code="2">udc</subfield>
    <subfield code="4">0</subfield>
    <subfield code="7">0</subfield>
    <subfield code="8">&#x533;&#x580;&#x561;&#x57A;&#x561;&#x570;&#x578;&#x581;</subfield>
    <subfield code="a">SEM</subfield>
    <subfield code="b">SEM</subfield>
    <subfield code="d">2018-08-14</subfield>
    <subfield code="g">4000.00</subfield>
    <subfield code="i">29188</subfield>
    <subfield code="l">0</subfield>
    <subfield code="o">92:73/76(47.925)/&#x554;-82</subfield>
    <subfield code="p">29188</subfield>
    <subfield code="r">2018-08-14</subfield>
    <subfield code="w">2018-08-14</subfield>
    <subfield code="y">BK</subfield>
    <subfield code="z">&#x54D;&#x57A;&#x561;&#x57D;&#x561;&#x580;&#x56F;&#x57E;&#x578;&#x582;&#x574; &#x567; &#x568;&#x576;&#x569;&#x565;&#x580;&#x581;&#x561;&#x57D;&#x580;&#x561;&#x570;</subfield>
  </datafield>
</record>
